000 00535nam a2200217Ia 4500
003 OSt
005 20221007082900.0
006 a|||||r|||| 00| 0
007 ta
008 221006b |||||||| |||| 00| 0 eng d
024 _a35,488
037 _cDissertations
040 _aFLL
_cFLL
_beng
041 _2eng
_aeng
100 _aAlam Noor
_9699719
245 0 _aLabour law in Seza
_b dilemmas and concerns
260 _c2010
300 _avii,118p
_ccm.
942 _cDIS
_2CC
999 _c1168054
_d1168054